Score 0/20 Timer 02:00
6 Plays Today
Clue Answer % Correct
Crazy, in SpanishLOCO
94.5%
With [Rung 9], American soft drink brandCOKE
94.3%
Use a deadbolt on a doorLOCK
94.1%
Birthday treatCAKE
92.7%
With [Rung 1], American soft drink companyCOLA
92.5%
Fashion legend ChanelCOCO
91.4%
Nat King ____COLE
91%
Passes awayDIES
90.4%
Beaver constructionsDAMS
87.7%
Turns down the lightsDIMS
87.3%
Clue Answer % Correct
With [Rung 20], American soft drink companyCOCA
87.2%
Knighted female titleDAME
85.5%
Moor a boatDOCK
84.8%
Dry mudDIRT
84%
With [Rung 18], American soft drink brandDIET
82.8%
Person from CopenhagenDANE
81.2%
Comic book hero TracyDICK
81%
Tahoe or Baikal e.g.LAKE
80.7%
Freeway divisionLANE
79%
Basketball star NowitzkiDIRK
78.6%

Today's Daily Dose

You're not logged in!

Compare scores with friends on all Sporcle quizzes.
OR
Log In

Sporcle TV

Today on Sporcle TV


Watch our educational content, quiz creation guides, and fun videos on Sporcle TV.

Show Comments

Extras

Top Quizzes Today


Score Distribution

Paid Content

Your Account Isn't Verified!

In order to create a playlist on Sporcle, you need to verify the email address you used during registration. Go to your Sporcle Settings to finish the process.

Report this User

Report this user for behavior that violates our Community Guidelines.

Details: